Návrh zefektívnenia procesu zmien výrobkov počas výroby v podniku Foxconn Slovakia, spol. s r. o., Nitra

Uložené v:
Podrobná bibliografia
Hlavný autor: Bittnerová, Monika, 1988- (Autor)
Ďalší autori: Drahňovský, Juraj, 1980- (Vedúci práce)
Médium: Rukopis Kniha
Jazyk:Slovak
Vydavateľské údaje: Trnava : STU v Bratislave MTF UPMK, 2012
Predmet:
On-line prístup:VAIS
Tagy: Pridať tag
Žiadne tagy, Buďte prvý, kto otaguje tento záznam!

MARC

LEADER 00000ntm a22000003a 4500
001 stu248695
005 20160719160628.0
008 120620s2012----xo------------------slo-d
040 |a STU  |b slo 
041 0 |a slo 
044 |a xo 
100 1 |a Bittnerová, Monika,  |d 1988-  |4 aut 
242 0 0 |a A proposal of streamline the process of changes the products during production in Foxconn company, company Ltd., Nitra   |y eng 
245 1 |a Návrh zefektívnenia procesu zmien výrobkov počas výroby v podniku Foxconn Slovakia, spol. s r. o., Nitra 
260 |a Trnava :  |b STU v Bratislave MTF UPMK,  |c 2012 
300 |a 85s  |c CD ROM 
650 7 |a priemyselné manažérstvo  |2 stusub 
650 7 |a Industrial Management  |2 estusub 
650 7 |a efficiency  |2 estusub 
650 7 |a efektivita  |2 stusub 
650 7 |a obsluha výroby  |2 stusub 
700 1 |a Drahňovský, Juraj,  |d 1980-  |4 ths  |u M4000  |U MTF Materiálovotechnologická fakulta  |T MTF Ústav priemyselného inžinierstva a manažmentu  |X 38290  |U M4000  |Y 84  |7 A000038290 
856 4 |a info a plný text  |u http://is.stuba.sk/zp/portal_zp.pl?podrobnosti=80152  |3 VAIS 
996 |c M*DP-10810  |l MMSKP  |s P  |a 0  |w stu248695_0001